Science Quiz

Random Science or Animal Quiz

North American Mammals Quiz Stats

 Plays Quiz Updated Apr 19, 2020

     
Support Sporcle.
Go Orange.
Score 0/20 Timer 05:00
4 Plays Today
# North American Mammal % Correct
1Red Fox
99.7%
3American Black Bear
99.4%
2Eastern Cottontail
98.8%
4Common Racoon
98.3%
5Moose
97.7%
7Striped Skunk
97.4%
11White tailed Deer
96.6%
10Walrus
95.8%
12American Beaver
95.7%
20Polar Bear
94.9%
# North American Mammal % Correct
14Mountain Lion
94.3%
9Nine-banded Armadillo
93.6%
8River Otter
93.2%
18American Bison
92.7%
13Least Chipmunk
91.5%
15Squirrel
89.8%
19Bobcat
79.3%
6Jaguar
72.8%
17Coyote
67.6%
16Bighorn Sheep
58.2%

From the Vault

5 to 1: The Office

by mg10

This quiz makes us feel like the Assistant (to the) Regional Manager.
Remove Ads.
Support Sporcle.
Get the best of Sporcle when you Go Orange. This ad-free experience offers more features, more stats, and more fun while also helping to support Sporcle. Thank you for becoming a member.

Show Comments

Extras

Top Quizzes Today


Score Distribution

Your Account Isn't Verified!

In order to create a playlist on Sporcle, you need to verify the email address you used during registration. Go to your Sporcle Settings to finish the process.

Report this User

Report this user for behavior that violates our Community Guidelines.

Details: